Návody ke cvičení z ekonomiky lesního hospodářství Určeno pro fak. lesnickou

Podrobná bibliografia
Hlavný autor: Bartůněk, Jiří (Autor)
Médium: Kniha
Jazyk:čeština
Fyzický popis:82 s. 4°
Vydavateľské údaje: Praha Brno SPN Vys. škola zeměd. 1965
Vydanie:1. vyd.
Edícia:Učební texty vys. škol

MARC

LEADER 00000nam a2200000 a 4500
001 vtls001086592
003 SK-MaSNL
005 20260301062338.0
008 251113s1965 CS 0 cze
035 |a SNK000029431 
040 |a SNK  |b slo  |c SNK  |e AACR2 
041 0 |a cze 
044 |a CS 
100 1 |a Bartůněk, Jiří  |4 aut  |9 376362 
245 0 |a Návody ke cvičení z ekonomiky lesního hospodářství  |b Určeno pro fak. lesnickou  |c Jiří Bartůněk 
250 |a 1. vyd. 
260 |a Praha  |b SPN  |a Brno  |b Vys. škola zeměd.  |c 1965 
300 |a 82 s.  |c 4° 
490 1 |a Učební texty vys. škol 
830 0 |a Učební texty vys. škol  |9 283075 
958 |a RK 
958 |a OND 
999 |c 620313  |d 622243 
952 |t P60, <04>, [BOOK], {604}  |a SNK  |b SNK  |y VYP  |7 0  |o snkIB 17579  |i snkKIP 8801/65  |0 0  |1 0  |4 0  |d 1995-11-24  |l 0  |r 2004-12-31 00:00:00  |w 2026-02-23 
952 |t P60, <04>, [BOOK], {604}  |a SNK  |b SNK  |y VYP  |7 0  |o snkIB 17579 D1  |i snkKIP 8802/65  |0 0  |1 0  |4 0  |d 1995-11-24  |l 0  |r 2004-12-31 00:00:00  |w 2026-02-23